000 01373ncm a2200325 a 4500
999 _c352457
_d352457
003 BLK
005 20241024005428.0
008 200326b bu ||||| |||| 00| 0 bu d
040 _aBLK
041 _aRUS
_cRUS
080 _aКамерна вок. муз. Песни, балади, арии, романси
_b784.3
_z784.3
080 _aКлавирен съпровод
_b786.2.082.1
_z786.2.082.1
100 _aРимски-Корсаков, Николай Андреевич
_d1844 - 1908
_gРуски композитор
_9365844
139 _aРимски-Корсаков, Николай Андреевич
_bР 62
245 _aДве арии Марфы из оперы "Царская невеста"
_bДля сопрано в сопровождении фортепиано
_cН. Римский - Корсаков
260 _9402764
_aМосква
_bМузыка
_c1970
300 _a16 с.
_bс ноти
_c29 см
380 _a7
650 7 _aАрии - за сопран
_2
_9147355
653 7 _9192849
_aоперни арии
653 0 _9403438
_aсопрано
653 7 _9188624
_aклавирен съпровод
852 _aЦб М ІІ 5266
942 _cNOT
_n0
_s1
944 _aCR
_c2020-04-08
_lCRON CRON
_k
945 _d2020-04-08
_iВалентина Караджова
999 _d352457
999 _d352457
999 _d352457